00592nam a2200157 i 450000100060000000300090000600500170001500700030003200800410003510000260007624501770010226000500027930000210032950000500035085200340040030424ES-MaACL20230906154207.0t|030124s1949 sp ||||1| spa d1 aBarthe Porcel, Julio.14aLos juros b: desde el "yuro deheredat" hasta la desaparición de las "cargas de justicia" (siglos XIII al XX) : resumen de una investigación /cpor Julio Barthe Porcel. aMurcia : b[s.n., c1949] (fSucs. de Nogues) a73 p. ; c25 cm. aEs publicación de la Universidad de Murcia. aES-MaACLj1902-F-15 bR.28944